000 00250nam a2200097Ia 4500
001 1120671
005 20250827004629.0
008 250824s9999 xx 000 0 und d
245 0 _aESİR ŞEHRİ İNSANLARI
_cKEMAL TAHİR
260 _bKETEBE YAYINCILIK
999 _c1120671
_d1120671